MDQL
is popping MORE tags! Check the
thread
!
Quizzes
Events
Quiz Creation
Community
Videos
Private Events
Remove Ads
Sign In
Join for FREE
Feedback
Dark Mode
Quiz Categories
Sports
Geography
Music
Movies
Television
Just For Fun
Miscellaneous
History
Literature
Language
Science
Gaming
Entertainment
Religion
Holiday
For Kids
Quiz Lab
Recent
Popular Today
Quiz Kudos Today
Editor Picks
Curator Picks
Quizzes by...
Day
Popularity
Type
Ratings
Length
Year
Community
Subscriptions
Recent Discussions
Orange Saloon
Badges
Playlists
Quests
Create
Leaderboards
Showdown
Live 5
Trivia Bingo
Activity
Puzzle Library
Sporcle Events
Private Events
Virtual Trivia
Globe League
Become a Host
Pub Owners
SporcleCon
Opinionation
Our Games
Videos
Blog
Mobile Apps
Partnerships
Remove Ads and Go Orange
Feedback
Entertainment
Celebrity
Famous
Musical
Broadway
Show
Quote
Comic Books
Anime
Superhero
DC Comics
Marvel
Cartoons
Animation
Entertainment
Celebrity
Famous
Musical
Broadway
Show
Quote
Comic Books
Anime
Superhero
DC Comics
Marvel
Cartoons
Animation
Random Quiz
Search Sporcle
×
Quiz Lab
Quiz Lab
Entertainment
Clickable
Select answers by clicking on text or image buttons
Select answers by clicking on text or image buttons
Clickable
Best Score? Go Orange.
Eastenders characters Stats
Can you name the Eastenders characters played by these actors?
By
BTEC_GROUP
10m
20 Questions
237 Plays
237 Plays
237 Plays
Comments
Comments
Give Quiz Kudos
Give Quiz Kudos
-
- Ratings
hide this ad
Random Order
Randomize order of answers
Randomize order of answers
Replay
Link that replays current quiz
Next Quiz
Link to next quiz in quiz playlist
You Got
0%
They Got
Avg Score
88%
Avg Friend Score
Upgrade to see
Score Distribution
Jump to the score distribution portion of the page
Score
0/20
Timer
10:00
0
Plays Today
% Correct
June Brown
94.9%
Rita Simons
94.5%
Kellie Bright
94.1%
Samantha Womack
92.8%
Letitia Dean
92.8%
Jacqueline Jossa
92.4%
Linda Henry
89.9%
Perry Fenwick
89.5%
Laila Morse
89.5%
Tameka Empson
89%
% Correct
Maddy Hill
88.6%
Davood Ghadami
88.2%
Matt Di Angelo
87.8%
Harry Reid
87.3%
Lorna Fitzgerald
86.5%
Richard Blackwood
85.2%
Jamie Borthwick
84.4%
Danielle Harold
84%
Ricky Norwood
83.1%
Jonny Labey
79.3%
Quiz Playlist
Details
Report
Send in Message
Add To Playlist
Clickable:
Select answers by clicking on text or image buttons
Random Order:
Randomize order of answers
Last Updated: Feb 16, 2017
Quiz Scoreboard
CHALLENGE
Sign Up to Join the Scoreboard
Show All
Scores
Hide
Comments
May contain spoilers
Recently Published
Two Season TV Shows II
by 123Four
Television
10m
Image Sorting: Flags VI
by Barbecue
Geography
2m
Find the 'City' Movie
by crazypaving
Movies
60s
More to Explore
Quiz From the Vault
Featured Blog Post
14 Easter Pick-up Lines to Find Eggs With
hide this ad
You Might Also Like...
Tags
Actor Quiz
Clickable Quiz
Attender
Character
Today's Top Quizzes in Entertainment
Browse Entertainment
hide this ad
Today's Top Quizzes in Clickable
Browse Clickable
Top Contributed Quizzes in Entertainment
1
Marvel Classic Character Map
2
Dragon Ball Z: Goku's Fights in Order
3
Movie-Themed Roller Coasters
4
Marvel Characters Bunker
5
Who stole Onew's chicken? (KPOP LOGIC QUIZ)
6
Sorting Pictures: Villains
7
JoJo's Bizarre Logic Quiz
8
Harry Styles-Are you no.1 fan
9
Celebrity Spelling Bee
10
This is Your Life: Edward Elric
Explore More
Trending Topics
Marvel
Kpop
Crossword
NBA
Harry Potter
Anime
Disney
Pokémon
Country
NFL
Soccer
Song
WWE
The Office
Puzzle
hide this ad
More By:
BTEC_GROUP
Quiz
Plays
Rating
Category
Featured
Created
Wallace and Gromit Characters
705
4.71
Movies
Jun 19, 2015
Times tables race
701
1.00
Miscellaneous
Nov 12, 2018
EL3 FS Maths: STAGE 4 - Shapes
656
3.50
Miscellaneous
Sep 21, 2017
EL3 FS Maths: STAGE 5 - Comparing Amounts
587
Miscellaneous
Sep 22, 2017
Citizenship quiz (Stage 1)
368
4.00
Miscellaneous
Oct 27, 2016
Go to Creator's Profile
Score Distribution
Quiz Creator Spotlight
BTEC_GROUP
Follow
Send a Message
Quizzes Created
-
Created Quiz Play Count
-
More By This Creator
Popular Quizzes Today
1
Find the US States - No Outlines Minefield
2
Colored Red Africa Blitz
3
Find the 'City' Movie
4
5x2 Blitz: Bands
5
The Countries of the World
6
Find the Countries of Europe - No Outlines Minefield
7
Find the US States
8
US States
More Entertainment Quizzes
Who Wants To Be A Millionaire?
Editor's Pick
Trending Quizzes
Colored Red Europe Blitz I
Colored Red Africa Blitz II
Colored Red Europe Blitz II
Colored Red Africa Blitz III
Colored Red Europe Blitz III
Recently Updated
How Do You Spell That?
pecheneg
Godzilla Movies
pecheneg
Grab Bag: 4-10 Letters
pecheneg
2024 March Madness Bracket
pecheneg
Famous TV Couples
Peacemaker
Champions League XIs: Real Madrid
pecheneg
Largest US Cities 1790-2010
pecheneg
Rides in Walt Disney World
pecheneg
Most Oscar Losses (Acting)
pecheneg
Beyoncé Albums
pecheneg
Trending Topics
Marvel
Crossword
Disney
Kpop
Harry Potter
NBA
Anime
Puzzle
Song
WWE
NFL
Soccer
The Office
Country
Pokémon
Your Account Isn't Verified!
In order to create a playlist on Sporcle, you need to verify the email address you used during registration. Go to your
Sporcle Settings
to finish the process.
Report this User
Report this user for behavior that violates our
Community Guidelines
.
Details:
Send Report
Go to the Sporcle.com Mobile Site →
Comments